000 00598nam a22002177a 4500
005 20151110143636.0
008 151110b xxu||||| |||| 00| 0 eng d
040 _aANE
041 _aEs
082 _appeu20151110-0
110 _aEl Universo 20151110
245 _aPobreza
300 _a20151110
650 _aBanco
650 _aMundial
650 _aPobreza
650 _acalentamiento
650 _aglobal
856 _uhttp://documentacion.asambleanacional.gob.ec/alfresco/d/d/workspace/SpacesStore/7cc91bce-ab18-4249-be27-edb501a9009b/ppeu20151110-0.pdf
942 _2ddc
_cAP
_zpc
999 _c31686
_d31686